000 00534nam a22001937a 4500
003 KOHA_MİRAKIL
005 20250926163359.0
008 250926b tu ||||| |||| 00| 0 tur d
020 _a9789753522328
040 _aTR-AnABB
_btur
_cTR-AnABB
041 _atur
082 _a297.971
_bYIL 2019
100 1 _aYıldız, Abdullah,
245 1 0 _aYusuf'un üç gömleği /
_cAbdullah Yıldız
260 _aİstanbul :
_bPınar Yayınları,
_c2019
300 _a118 sayfa ;
_c20 cm
650 0 0 _aDin tarihi
942 _2ddc
_cBK
999 _c8936
_d8936
900 _bGizem YORULMAZ